000
00333 a2200133 4500
000
nam a22 7a 4500
100
_a
Dalal, A S
110
_a
Dalal, A S
245
_a
Legal Research Methods In India
250
_a
Latest edition
260
_b
The Bright Law House
_c
2015
264
_b
The Bright Law House
_c
2015
942
_c
BK
999
_c
396133
_d
396133